| 000 | 00635nam a2200217 i 4500 | ||
|---|---|---|---|
| 001 | 133822 | ||
| 003 | ES-MaACL | ||
| 005 | 20230906194534.0 | ||
| 007 | t| | ||
| 008 | 070830s1952 sp ||||1| spa d | ||
| 100 | 1 |
_aWren, Percival Christopher. _9117398 |
|
| 245 | 1 | 0 |
_aFilos mellados / _cP. C. Wren ; [traducción del inglés por J. Romero de Tejada]. |
| 250 | _a[1ª ed.]. | ||
| 260 |
_aBarcelona : _bL. A. R. A., _c1952. |
||
| 300 |
_a207 p. ; _c19 cm. |
||
| 490 | 1 | _aHorizonte | |
| 700 | 1 |
_aRomero de Tejada, J. _999376 |
|
| 830 | 0 |
_aHorizonte _9180916 |
|
| 852 |
_aES-MaACL _jD-8271 _bR.32016 |
||
| 999 |
_c133822 _d133822 |
||